Opening up North America 1497 - 1800/ (Record no. 352995)

MARC details
000 -LEADER
fixed length control field 01264nam a2200373 a 4500
001 - CONTROL NUMBER
control field vtls000391641
003 - CONTROL NUMBER IDENTIFIER
control field NLI
005 - DATE AND TIME OF LATEST TRANSACTION
control field 20210602200053.0
008 - FIXED-LENGTH DATA ELEMENTS--GENERAL INFORMATION
fixed length control field 110114s2005 nyuabc e 001 0 eng
020 ## - INTERNATIONAL STANDARD BOOK NUMBER
International Standard Book Number 0816052611
Terms of availability $40.00
039 #9 - LEVEL OF BIBLIOGRAPHIC CONTROL AND CODING DETAIL [OBSOLETE]
-- 201101140108
-- VLOAD
040 ## - CATALOGING SOURCE
Original cataloging agency NLI :
Language of cataloging eng
Transcribing agency NLMARC21
041 0# - LANGUAGE CODE
Language code of text/sound track or separate title eng
044 ## - COUNTRY OF PUBLISHING/PRODUCING ENTITY CODE
MARC country code nyu
082 04 - DEWEY DECIMAL CLASSIFICATION NUMBER
Classification number 917.04
Edition number 22
100 1# - MAIN ENTRY--PERSONAL NAME
Personal name Cox, Caroline
9 (RLIN) 581177
245 10 - TITLE STATEMENT
Title Opening up North America 1497 - 1800/
Statement of responsibility, etc. Caroline Cox [and] Ken Albala; general eds. : John S. Bowman and Maurice Isserman
260 ## - PUBLICATION, DISTRIBUTION, ETC.
Place of publication, distribution, etc. New York :
Name of publisher, distributor, etc. Facts on file,
Date of publication, distribution, etc. 2005
300 ## - PHYSICAL DESCRIPTION
Extent xii, 196p. :
Other physical details ill., maps, ports.;
Dimensions 24cm
500 ## - GENERAL NOTE
General note Glossary: p. 174 - 179
504 ## - BIBLIOGRAPHY, ETC. NOTE
Bibliography, etc. note Includes bibliographical references and index
650 #0 - SUBJECT ADDED ENTRY--TOPICAL TERM
Topical term or geographic name entry element Explorers
Geographic subdivision North America
General subdivision History
Form subdivision Juvenile literature
9 (RLIN) 581178
651 #0 - SUBJECT ADDED ENTRY--GEOGRAPHIC NAME
Geographic name North America
General subdivision Discovery and exploration
Form subdivision Juvenile literature
9 (RLIN) 581179
700 1# - ADDED ENTRY--PERSONAL NAME
Personal name Bowman, John S.
Fuller form of name (John Stewart),
Dates associated with a name 1931-
Relationship edt
9 (RLIN) 577685
700 1# - ADDED ENTRY--PERSONAL NAME
Personal name Isserman, Maurice
Relationship edt
9 (RLIN) 226432
887 ## - NON-MARC INFORMATION FIELD
Content of non-MARC field Partha Ghosh sg
901 ## - LOCAL DATA ELEMENT A, LDA (RLIN)
a 552523
b 6.4.06
902 ## - LOCAL DATA ELEMENT B, LDB (RLIN)
a J/E 917.04 C 839
904 ## - LOCAL DATA ELEMENT D, LDD (RLIN)
a Partha Ghosh
905 ## - LOCAL DATA ELEMENT E, LDE (RLIN)
a sg
942 ## - ADDED ENTRY ELEMENTS (KOHA)
Source of classification or shelving scheme Dewey Decimal Classification
Koha item type Books
949 ## - LOCAL PROCESSING INFORMATION (OCLC)
-- VIRTUAITEM
-- 10012
-- 100
6 552523
Holdings
Withdrawn status Lost status Damaged status Not for loan Collection code Home library Current library Shelving location Date acquired Total Checkouts Full call number Barcode Date last seen Price effective from Koha item type
          National Library of India National Library of India       J/E 917.04 C 839 552523 02/06/2021 02/06/2021 Books
                                                                           
web counter

Copyright ©2020 The National Library of India, Govt. of India ↔ Hosted by NVLI, MOC ↔ Technology and Design by National Library of India, Ministry of Culture, Govt. of India